• 首页
  • 本馆介绍
  • 公告通知
  • 最新文献
  • 馆藏检索
  • 电子资源
  • 读者导购
  • 参考咨询
  • 我的图书馆
  • 登录
  • 详细信息显示
  • 放入我的书架
  • 预约/预借图书
  • 作者相关作品
  • 分类相关作品
  • 丛书相关作品
  • 出版社相关作品

书目信息

  • 表格格式
  • 工作单格式
  • 卡片格式
题名:
褚时健:人生最好的选择, 是可以从头再来
    
 
作者: 郝宪玮 著
分册:  
出版信息: 哈尔滨   哈尔滨出版社  2020.6
页数: 243页
开本: 21cm
丛书名:
单 册:
中图分类: B848.4 , K825.38
科图分类:
主题词: 成功心理--通俗读物 , 企业家--生平事迹--中国--现代
电子资源:
ISBN: 978-7-5484-4842-6
000 01053nam0 2200277 45
001 012001003646
005 20140914152754.0
010    @a978-7-5484-4842-6@dCNY45.00
100    @a20200827d2020 em y0chiy0110 ea
101 0  @achi
102    @aCN@b230000
105    @ay z 000yd
106    @ar
200 1  @a褚时健:人生最好的选择, 是可以从头再来@Achu shi jian:ren sheng zui hao de xuan ze, shi ke yi cong tou zai lai@f郝宪玮著
210    @a哈尔滨@c哈尔滨出版社@d2020.6
215    @a243页@d21cm
300    @a紫云传媒
330    @a本书以褚时健身上的诸多特质为引,如耐心、韧性、工匠精神、反弹力、魄力等,并以褚老一生各阶段的传奇经历为蓝本,从放平心态、付出行动、制定目标、应对挫折、果敢智慧、人性现实、社会交际等不同角度,给年轻人和疫情过后迷茫的企业家们提出了11个人生忠告。
606 0  @a成功心理@j通俗读物
606 0  @a企业家@x生平事迹@y中国@z现代
610 0  @a褚时健(1928-2019)
690    @aB848.4@v5
690    @aK825.38@v5
701  0 @a郝宪玮@Ahao xian wei@4著
801    @aCN@bAHXH@c20210922
905    @b1327158-62@dB848.4@e3968@f5
    
    褚时健:人生最好的选择, 是可以从头再来/郝宪玮著.-哈尔滨:哈尔滨出版社,2020.6
    243页;21cm
    紫云传媒
    
    ISBN 978-7-5484-4842-6:CNY45.00
    本书以褚时健身上的诸多特质为引,如耐心、韧性、工匠精神、反弹力、魄力等,并以褚老一生各阶段的传奇经历为蓝本,从放平心态、付出行动、制定目标、应对挫折、果敢智慧、人性现实、社会交际等不同角度,给年轻人和疫情过后迷茫的企业家们提出了11个人生忠告。
●
相关链接 在E读中查询图书 在五车中查询图书 在当当中查询图书 在豆瓣中查询图书


正题名:褚时健:人生最好的选择, 是可以从头再来     索取号:B848.4/3968         预约/预借

序号 登录号 条形码 馆藏地/架位号 状态 备注
1 1327158   213271582   第一样本阅览室/ [索取号:B848.4/3968] 在馆    
2 1327159   213271591   教育系资料室/ [索取号:B848.4/3968] 在馆    
3 1327160   213271608   教育系资料室/ [索取号:B848.4/3968] 在馆    
4 1327161   213271617   第一借阅区/ [索取号:B848.4/3968] 在馆    
5 1327162   213271626   第一借阅区/ [索取号:B848.4/3968] 在馆    
唐山师范学院图书馆 欢迎您!
大连网信软件有限公司© 版权所有